书目信息 |
| 题名: |
新加坡名人传
|
|
| 作者: | 王灵桂 主编 | |
| 分册: | ||
| 出版信息: | 北京 当代世界出版社 2022.06 |
|
| 页数: | 20, 191页 | |
| 开本: | 21cm | |
| 丛书名: | “一带一路”列国人物传系 | |
| 单 册: | ||
| 中图分类: | K833.39 | |
| 科图分类: | ||
| 主题词: | 名人--ming ren--列传--新加坡 | |
| 电子资源: | ||
| ISBN: | 978-7-5090-1649-7 | |
| 000 | 01196nam 2200253 450 | |
| 001 | 29000 | |
| 005 | 20221011150857.98 | |
| 010 | @a978-7-5090-1649-7@dCNY42.00 | |
| 100 | @a20220819d2022 em y0chiy50 ea | |
| 101 | 0 | @achi@eeng |
| 102 | @aCN@b110000 | |
| 105 | @aa z 000yc | |
| 200 | 1 | @a新加坡名人传@Axin jia po ming ren zhuan@d= Famous names of Singapore@f主编王灵桂@zeng |
| 210 | @a北京@c当代世界出版社@d2022.06 | |
| 215 | @a20, 191页@c图@d21cm | |
| 225 | 2 | @a“一带一路”列国人物传系@A“ yi dai yi lu ” lie guo ren wu zhuan xi |
| 330 | @a新加坡1965年独立, 是一个融东西方文化为一体的资本主义发达国家。新加坡历史虽然短暂, 但新加坡人民用勤劳与智慧一次又一次地谱写着辉煌。短短几十年便发展成亚洲重要的金融、服务和航运中心之一, 其独特的治理模式与发展方式, 也为世界各国所参考和借鉴。本书通过对十余位在新加坡历史上做出重要贡献、取得突出成就的著名人物的素描, 让我们从不同侧面了解到这个充满魅力与生机的花园之国。 | |
| 410 | 0 | @12001 @a“一带一路”列国人物传系 |
| 510 | 1 | @aFamous names of Singapore@zeng |
| 606 | 0 | @a名人@Aming ren@x列传@y新加坡 |
| 690 | @aK833.39@v5 | |
| 701 | 0 | @a王灵桂@Awang ling gui@4主编 |
| 801 | 0 | @aCN@c20220910 |
| 905 | @a河南城建学院图书馆@dK833.39@eW262@f2 | |
| 新加坡名人传= Famous names of Singapore/主编王灵桂.-北京:当代世界出版社,2022.06 |
| 20, 191页:图;21cm.-(“一带一路”列国人物传系) |
| ISBN 978-7-5090-1649-7:CNY42.00 |
| 新加坡1965年独立, 是一个融东西方文化为一体的资本主义发达国家。新加坡历史虽然短暂, 但新加坡人民用勤劳与智慧一次又一次地谱写着辉煌。短短几十年便发展成亚洲重要的金融、服务和航运中心之一, 其独特的治理模式与发展方式, 也为世界各国所参考和借鉴。本书通过对十余位在新加坡历史上做出重要贡献、取得突出成就的著名人物的素描, 让我们从不同侧面了解到这个充满魅力与生机的花园之国。 |
| ● |
| 相关链接 |
|
|
|
正题名:新加坡名人传
索取号:K833.39/W262
 
预约/预借
| 序号 | 登录号 | 条形码 | 馆藏地/架位号 | 状态 | 备注 |
| 1 | 1582308 | 215823081 | 社科库309/309社科库 60排7列3层/ [索取号:K833.39/W262] | 在馆 | |
| 2 | 1582309 | 215823090 | 社科库309/309社科库 60排7列3层/ [索取号:K833.39/W262] | 在馆 |